The maximes of mixt monarchy: : to resolve all good consciences by right principles, of the royall and righteous power in the person of the King and the Parliament. 1. All persons are subject to the King. 2. The King is subject to the lawes. 3. The lawes are subject to the powers that make them. 4. The powers that make laws are politicall. 5. This politicall power is in three estates. 6. These three estates are co-ordinate. 7. Co-ordination is in Parliament. 8. The Parliament is above all persons. 9. All persons are bound to obey it. 10. All obedience is active or passive. 11. No man may resist in any thing. 12. They that resist shall receive damnation.

Bibliographic Details
Format: eBook
Language:English
Published: [London : publisher not identified, 1643]
Series:Early English books online.
Subjects:
Online Access:Connect to the full text of this electronic book

MARC

Tag First Indicator Second Indicator Subfields
LEADER 00000nam a2200000 4500
001 in00004337413
005 20200812095842.0
006 m g d
007 cr bn |||a|bb|
008 850607s1643 enk o 00| | eng d
035 |a (UnM)99858920 
037 |a CL0051000001  |b ProQuest Information and Learning. 300 N. Zeeb Rd., Ann Arbor, MI 48106 
040 |a Cu-RivES  |c Cu-RivES  |d CStRLIN  |e dcrb  |d WaOLN 
245 0 4 |a The maximes of mixt monarchy: :  |b to resolve all good consciences by right principles, of the royall and righteous power in the person of the King and the Parliament. 1. All persons are subject to the King. 2. The King is subject to the lawes. 3. The lawes are subject to the powers that make them. 4. The powers that make laws are politicall. 5. This politicall power is in three estates. 6. These three estates are co-ordinate. 7. Co-ordination is in Parliament. 8. The Parliament is above all persons. 9. All persons are bound to obey it. 10. All obedience is active or passive. 11. No man may resist in any thing. 12. They that resist shall receive damnation. 
260 |a [London :  |b publisher not identified,  |c 1643] 
300 |a 1 online resource ([8] pages) 
336 |a text  |b txt  |2 rdacontent 
337 |a computer  |b c  |2 rdamedia 
338 |a online resource  |b cr  |2 rdacarrier 
500 |a Caption title. 
500 |a Imprint from Wing. 
500 |a Annotation on Thomason copy: "February. 6th 1642. London.". 
500 |a Reproduction of the original in the British Library. 
510 4 |a Wing (2nd edition)  |c M1374. 
510 4 |a Thomason  |c E.88[18]. 
533 |a Electronic reproduction.  |b Ann Arbor, Mich. :  |c UMI,  |d 1999-  |f (Early English books online)  |n Digital version of: (Thomason Tracts ; 15:E88[18])  |7 s1999 miun s 
610 1 0 |a England and Wales.  |b Parliament  |v Early works to 1800. 
651 4 |a Great Britain  |x Politics and government  |y 1625-1649  |v Early works to 1800. 
651 4 |a Great Britain  |x Kings and rulers  |v Early works to 1800. 
830 0 |a Early English books online. 
856 4 0 |u http://proxy.library.tamu.edu/login?url=https://search.proquest.com/docview/2240877737  |z Connect to the full text of this electronic book  |t 0 
999 f f |s fecca1b4-7add-3e3a-9add-a6e611877477  |i 29eaa1d4-2e23-3866-a247-90ecfcc9f34b  |t 0 
952 f f |a Texas A&M University  |b College Station  |c Electronic Resources  |d Available Online  |t 0  |h No information provided 
998 f f |t 0  |l Available Online